Route entlang der Küste #3 - Statistiken

Allgemein
  • Dieses Quiz wurde 58 mal gespielt
  • Das Durchschnittsergebnis liegt bei 17 aus 23
Antworten auf der Karte
Die Antworten werden auf der Karte rot bzw. grün angezeigt, abhängig davon wie oft sie richtig erraten wurden.
 
Antwortstatistiken
Antwort % Korrekt
Tunesien
100%
Algerien
98%
Marokko
96%
Mauretanien
88%
Senegal
88%
Gambia
75%
Elfenbeinküste
70%
Nigeria
70%
Togo
70%
Guinea-Bissau
68%
Namibia
68%
Sierra Leone
68%
Südafrika
68%
Ghana
67%
Guinea
67%
Liberia
67%
Benin
65%
Gabun
65%
Kamerun
65%
Republik Kongo
65%
Äquatorialguinea
63%
Angola
61%
Demokratische Republik Kongo
58%
Keine übereinstimmenden Quizze gefunden
Verteilung der Resultate
Anzahl Personen mit jedem Resultat
Perzentil nach korrekt beantworteten Fragen
Ihre Resultats-Entwicklung
Sie haben dieses Quiz noch nicht gespielt